003980000a220010900045001000026000002450086000263000047001127730014001599420008001739520090001819990017002711 aAmmicht Quinn, Regina10aEs sagrada la dignidad? Al ser humano, la máquina y el debate sobre la dignidad avol.300, num.300 (2003), Páginas 215-2280 tConcilium cANA 001040708HEMaFUSBCbFUSBCd2016-01-26l0o r2016-01-26 00:00:00w2016-01-26yANA c49895d49895